Medir: proceso científico
Sparad:
| Huvudupphovsmän: | , , , |
|---|---|
| Övriga upphovsmän: | |
| Materialtyp: | Bok |
| Språk: | spanska |
| Publicerad: |
Santiago
CPEIP
1974
|
| Upplaga: | 4a. ed |
| Serie: | Proyecto de Perfeccionamiento en Servicio para Profesores de Ciencias Naturales, E.G.B., 2
|
| Ämnen: | |
| Taggar: |
Lägg till en tagg
Inga taggar, Lägg till första taggen!
|
MARC
| LEADER | 00000nam a2200000 a 4500 | ||
|---|---|---|---|
| 001 | UCY8601 | ||
| 003 | CL-VaPUC | ||
| 008 | 950703e19740000CL |||||||||||||||||spa|d | ||
| 082 | 0 | 4 | |a 372.35 |b LAB |2 21 |
| 100 | |a Labarca Carranza, Alexis |e author |9 543552 | ||
| 700 | 0 | |a Yankovic Nola, Bartolomé |e author |9 340121 | |
| 700 | 0 | |a Arancibia Jaramillo, Jorge |e author |9 340122 | |
| 700 | |a Muñoz Muñoz, Héctor |e autor |9 543553 | ||
| 700 | 0 | |a Villarroel Valsasnini, Irene |e author |9 340124 | |
| 245 | 1 | 0 | |a Medir: proceso científico |
| 250 | |a 4a. ed | ||
| 300 | |a 139 p | ||
| 942 | |c BK | ||
| 945 | |d 19950703 00:00:00 |a cmena | ||
| 260 | |a Santiago |b CPEIP |c 1974 | ||
| 650 | 0 | |a Educación científica |9 307484 | |
| 650 | 7 | |a CAPACITACION DEL PERSONAL DE EDUCACION |2 CL-VaPUC |9 335008 | |
| 650 | 7 | |a MEDICION E INSTRUMENTOS DE MEDICION |2 CL-VaPUC |9 337806 | |
| 650 | 0 | |a Educación básica |9 224933 | |
| 583 | |a last modification |c 20170822 12:45:39 |k Rodrigo Vera | ||
| 490 | 0 | |a Proyecto de Perfeccionamiento en Servicio para Profesores de Ciencias Naturales, E.G.B., 2 | |
| 999 | |c 235830 |d 235828 | ||
| 952 | |0 0 |1 0 |4 0 |6 372_350000000000000_LAB_1974 |7 0 |8 P |9 243484 |a BIBEDU |b BIBEDU |c BIBEDU_PB |d 2019-11-18 |i 1526308 |o 372.35 LAB 1974 |p 1526308 |r 2024-01-25 |w 2019-11-18 |y BK |k EDU | ||